| 000 | 00874nam0a22002531 4500 | ||
|---|---|---|---|
| 001 | rc\734755 | ||
| 005 | 20040301141826.2 | ||
| 035 | _a(NLR Aleph) 006264966 | ||
| 090 |
_a6888556 _c6888556 |
||
| 100 | _a20040301d1985 u |0rusy50 ca | ||
| 101 | 0 | _arus | |
| 102 | _aRU | ||
| 105 | _ay ||||||||| | ||
| 200 | 1 |
_aПрименение деловых игр в учебном процессе _e[Учеб. пособие] |
|
| 210 |
_aРига _cЛГУ _d1985 |
||
| 215 |
_a75 с. _d20 |
||
| 300 | _aВ надзаг.: Латв. гос. ун-т им. Петра Стучки. Каф. управления нар. хоз-вом | ||
| 320 | _aБиблиогр.: с. 70-72 (37 назв.) | ||
| 700 | 1 |
_aПрауде _bВ. Р. _gВалерий Робертович |
|
| 801 | 0 |
_aRU _bNLR _gpsbo |
|
| 801 | 1 |
_aRU _bELAR _2rusmarc |
|
| 852 |
_aNLR _j85-4/40022 |
||
| 942 | _cBOOK | ||
| 980 | _aNB | ||